<?xml version="1.0" encoding="UTF-8"?>
<record
    xmlns:xsi="http://www.w3.org/2001/XMLSchema-instance"
    xsi:schemaLocation="http://www.loc.gov/MARC21/slim http://www.loc.gov/standards/marcxml/schema/MARC21slim.xsd"
    xmlns="http://www.loc.gov/MARC21/slim">

  <leader>00491nam a22001937a 4500</leader>
  <datafield tag="999" ind1=" " ind2=" ">
    <subfield code="c">16583</subfield>
    <subfield code="d">16583</subfield>
  </datafield>
  <controlfield tag="003">OSt</controlfield>
  <controlfield tag="005">20171011133212.0</controlfield>
  <controlfield tag="008">171011b        xxu||||| |||| 00| 0 eng d</controlfield>
  <datafield tag="020" ind1=" " ind2=" ">
    <subfield code="a">9781292059358</subfield>
  </datafield>
  <datafield tag="040" ind1=" " ind2=" ">
    <subfield code="c">KABU</subfield>
  </datafield>
  <datafield tag="050" ind1=" " ind2=" ">
    <subfield code="a">KF889</subfield>
    <subfield code="b">.C44 2016 C.1 </subfield>
  </datafield>
  <datafield tag="100" ind1=" " ind2=" ">
    <subfield code="a">Cheeseman, R. Henry</subfield>
  </datafield>
  <datafield tag="245" ind1=" " ind2=" ">
    <subfield code="a">Contemporary business law </subfield>
    <subfield code="c">Henry R, Cheeseman</subfield>
  </datafield>
  <datafield tag="250" ind1=" " ind2=" ">
    <subfield code="a">8th ed.</subfield>
  </datafield>
  <datafield tag="260" ind1=" " ind2=" ">
    <subfield code="a">Boston</subfield>
    <subfield code="b">pearson</subfield>
  </datafield>
  <datafield tag="300" ind1=" " ind2=" ">
    <subfield code="a">841p.</subfield>
  </datafield>
  <datafield tag="610" ind1=" " ind2=" ">
    <subfield code="a">Commercial law </subfield>
    <subfield code="z">United States </subfield>
  </datafield>
  <datafield tag="942" ind1=" " ind2=" ">
    <subfield code="2">lcc</subfield>
    <subfield code="c">BK</subfield>
  </datafield>
  <datafield tag="952" ind1=" " ind2=" ">
    <subfield code="0">0</subfield>
    <subfield code="1">0</subfield>
    <subfield code="2">lcc</subfield>
    <subfield code="7">0</subfield>
    <subfield code="a">KABU</subfield>
    <subfield code="b">KABU</subfield>
    <subfield code="d">2017-10-11</subfield>
    <subfield code="i">2017/0243</subfield>
    <subfield code="l">3</subfield>
    <subfield code="o">KF889 .C44 2016 C.1</subfield>
    <subfield code="p">027587</subfield>
    <subfield code="r">2019-12-03 00:00:00</subfield>
    <subfield code="s">2019-11-28</subfield>
    <subfield code="t">c.1</subfield>
    <subfield code="w">2017-10-11</subfield>
    <subfield code="y">BK</subfield>
  </datafield>
  <datafield tag="952" ind1=" " ind2=" ">
    <subfield code="0">0</subfield>
    <subfield code="1">0</subfield>
    <subfield code="2">lcc</subfield>
    <subfield code="7">0</subfield>
    <subfield code="a">KABU</subfield>
    <subfield code="b">KABU</subfield>
    <subfield code="d">2017-10-11</subfield>
    <subfield code="i">2017/0111</subfield>
    <subfield code="l">0</subfield>
    <subfield code="o">KTC KF889 .C44 2016 C.1</subfield>
    <subfield code="p">027566</subfield>
    <subfield code="r">2017-10-11 00:00:00</subfield>
    <subfield code="t">c.1</subfield>
    <subfield code="w">2017-10-11</subfield>
    <subfield code="y">BK</subfield>
  </datafield>
</record>
